000 00848nam a2200253 a 4500
001 BRL_1293
005 20190320211130.0
008 271213s1952----py-ao#####---#000-0#spa-#
041 _aspa
_heng
044 _apy
050 4 _aF3611.C9
_b.C67 1952
100 1 _aCossío del Pomar, Felipe
_d1889-1981
_926406
245 1 0 _aCusco imperial
_cFelipe Cossío del Pomar ; traducción al inglés por Stirling Dickinson.
260 _aAsunción del Paraguay
_bEditorial Guarania
_c1952
300 _a173 p.
_bil. (algunas a color)
_c29 cm.
500 _aEstado físico: camisa rota
500 _aAu1522
650 1 4 _aIndígenas de América Central
_zPerú
_926407
651 4 _aCuzco (Perú)
_xHistoria
_926408
651 4 _aCuzco (Perú)
_xDescripción y viajes
_92471
700 1 _aDickinson, Stirling
_etr.
_926409
902 _aGRL
942 _2lcc
_cB
999 _c10105
_d10105